000 00716nam a22002055i 4500
001 177517
003 ES-MaACL
005 20250806013245.0
008 110330s1962 sp |||| | spa d
080 _a616-08-039.74
100 1 _aRodríguez y Rodríguez, Antonio.
_998873
245 1 0 _aTratamientos médicos de urgencia /
_cpor Antonio Rodríguez y Rodríguez.
260 _aMadrid :
_bMontecorvo,
_c1962.
300 _a150 p. ;
_c24 cm.
490 1 _aMonografías. Colección de estudios médicos ;
_v2
650 7 _aMedicina de urgencia
_2embne
_9136479
830 0 _aMonografías. Colección de estudios médicos ;
_v2
_9190473
852 _aES-MaACL
_jE-14728
_xOlim P-201-Ter
999 _c177517
_d177517